Negotiating with the Russians / (Record no. 24108)
[ view plain ]
| 000 -LEADER | |
|---|---|
| fixed length control field | 01535cam a22002771 4500 |
| 001 - CONTROL NUMBER | |
| control field | 24108 |
| 003 - CONTROL NUMBER IDENTIFIER | |
| rucl marc code | BD-RjUL |
| 005 - DATE AND TIME OF LATEST TRANSACTION | |
| control field | 20211209001018.0 |
| 008 - FIXED-LENGTH DATA ELEMENTS--GENERAL INFORMATION | |
| fixed length control field | 140312s1951 mau 001 0 eng d |
| 035 ## - SYSTEM CONTROL NUMBER | |
| System control number | (BD-RjUL)24174 |
| System control number | (OCoLC)405738 |
| 040 ## - CATALOGING SOURCE | |
| Original cataloging agency | DLC |
| Transcribing agency | ODaWU |
| Modifying agency | OCoLC |
| -- | NcRS |
| -- | DLC |
| -- | BD-RjUL |
| Language of cataloging | eng |
| 041 ## - LANGUAGE CODE | |
| Language code of text/sound track or separate title | eng |
| 082 ## - DEWEY DECIMAL CLASSIFICATION NUMBER | |
| Classification number | 327.470973 |
| Author mark and year | NEG 1951 |
| 245 10 - TITLE STATEMENT | |
| Title | Negotiating with the Russians / |
| Statement of responsibility, etc. | edited by Raymond Dennett and Joseph E. Johnson. |
| 260 ## - PUBLICATION, DISTRIBUTION, ETC. (IMPRINT) | |
| Place of publication, distribution, etc. | Boston : |
| Name of publisher, distributor, etc. | World Peace Foundation, |
| Date of publication, distribution, etc. | 1951 |
| 300 ## - PHYSICAL DESCRIPTION | |
| Pagination | xi, 310 p. ; |
| Size | 25 cm. |
| 505 0# - FORMATTED CONTENTS NOTE | |
| Formatted contents note | Negotiating on military assistance, 1943-1945, by J. R. Deane.--Negotiating under lend-lease, 1942-1945, by J. N. Hazard.--Negotiating the Nuremberg trial agreements, 1945, by S. S. Alderman.--Negotiating at Bretton Woods, 1944, by R. F. Mikesell.--Negotiating to establish the Far Eastern Commission, 1945, by G. H. Blakeslee.--Negotiating on refugees and displaced persons, 1946, by E. F. Penrose.--Negotiating on the Balkans, 1945-1947, by M. Ethridge and C. E. Black.--Negotiating on atomic energy, 1946-1947, by F. Osborn.--Negotiating on cultural exchange, 1947, by E. J. Simmons.--Some Soviet techniques of negotiation, by P. E. Mosely. |
| 651 #0 - SUBJECT ADDED ENTRY--GEOGRAPHIC NAME | |
| Geographic name | Soviet Union |
| General subdivision | Foreign relations |
| Geographic subdivision | United States. |
| 9 (RLIN) | 74266 |
| Geographic name | United States |
| General subdivision | Foreign relations |
| Geographic subdivision | Soviet Union. |
| 9 (RLIN) | 74267 |
| 700 1# - ADDED ENTRY--PERSONAL NAME | |
| Personal name | Johnson, Joseph Esrey, |
| Dates associated with a name | 1906- |
| Relator term | joint ed. |
| 710 2# - ADDED ENTRY--CORPORATE NAME | |
| Corporate name or jurisdiction name as entry element | World Peace Foundation. |
| 9 (RLIN) | 17463 |
| 942 ## - ADDED ENTRY ELEMENTS (KOHA) | |
| Source of classification or shelving scheme | Dewey Decimal Classification |
| Koha item type | Books |
| Lost status | Source of classification or shelving scheme | Damaged status | Not for loan | Collection code | Permanent Location | Current Location | Shelving location | Date acquired | Source of acquisition | Total Checkouts | Full call number | Date last seen | Copy number | Koha item type |
|---|---|---|---|---|---|---|---|---|---|---|---|---|---|---|
| Dewey Decimal Classification | Added to bundle | Non-fiction | Central Library, University of Rajshahi | Central Library, University of Rajshahi | Reading Room | 20/02/1958 | U. S. I .S. Dhaka Gift | 327.470973 NEG 1951 | 12/03/2014 | C-1 | Books |